03120nam a2200265Ia 450000500170000000800410001702000180005802000180007602000180009402000180011202000190013004000700014904100080021908200140022710000380024124500850027926000530036430000590041750004350047650000220091150518660093350600210279965000170282065000170283720240408110611.0130821s2011 ck gr dspa  a9789584902740 a9789584902733 a9789584902757 a9789584986085 a97895849027333 aCO-BoUCMbspacSandra Yazo (modificó)dSandra Yazo (modificó)00aspa04a929.22201 aGarcía Vázquez, Julio César13aLa descendencia de la serpiente o ser sapientecJulio César García Vázquez aBogotá (Colombia)bIntergráficas S. A.c2021 a3 volúmenes (506 ; 590 ; 583 páginas)c28 x 21 cm. aDetalles físicos: Encuadernación flexible en cartulina.Tapas impresas. Texto impreso en una y dos columnas. Tablas e ilustraciones entre el texto. Incluye como anexo 4 hojas plegadas 3 copias y CD1: La descendencia de la serpiente o ser sapiente Julio César García Vázquez y CD 2: Fundador de la Universidad La Gran Colombia, Julio cesar García Valencia. Donación al archivo por Julio Cesar García Vásquez (2023) aIncluye índice. aV.1: Indice de esquemas de interconexión familiar ; El origen de la Descendencia de la Serpiente o ser sapiente y su ubicación en el tiempo y en el espacio ; La inteligencia del ser sapiente ; El Edeén ; Lilith ; Adan y Eva no eran Homo sapiens ; Caín y Set ; Los años de Adén a Isaac ; La destrucción de Sodoma y Gomorra ; La era de Aries ; La era de Piscis ; Los Iluminados de Baviera -- V.2: Participación de Vikingos, cruzados y templarios en el descubrimientos de América ; Avances previos al primer viaje de Cristóbal Colón: Los avances de Portugal en la navegación impulsada con la ayuda de los templarios y/o caballeros de la orden de Cristo de Portugal y el parentesco de los suegros de Cristóbal Colon con estos navegantes ; ¿Quién era realmente Cristóbal el descubridor de América? Otros aportes genealógicos al descubrimiento de América ; Parte de la riqueza del descendiente de vikingos Guillermo I de Hesse Kassel fue desfalcada por Mayer Amschel Bauer y de allí surgió la riqueza de los Rothschild, los Iluminati y el dominio mundial ; El Ultracapitalismo - el Sinonismo y el Marxismo: Su actuación conjunta universal, incluyendo a Colombia -- V.3: Revolución Rusa y la primera Guerra Mundial inducida y financiada por los grandes banqueros que han venido impulsado el Nuevo Orden Mundial ; Las Guerras de Estados Unidos ; El nuevo orden mundial o la guerra de unos pocos por dominar la tierra ; La segunda Guerra mudial: de Thule al desastre de la Segunda Guerra Mundial – en la sociedad Thule a un hombrecillo apellidado Hitler (posible bisnieto de Salomón Mayer Rothschild) lo convirtieron en el III Reich ; La Guerra de las Drogas, el Narcotráfico y la guerra que Estados Unidos le trajo a Colombia ; La guerra por la riquezas ; La guerra por dominar la mente y comportamiento de los humanos aConsulta en sala 7aBiografías 7aGenealogía